UK Road Signs - Statistics

General Stats
  • This quiz has been taken 873 times
  • The average score is 7 of 10
Answer Stats
Question Answer % Correct
Which sign means "trams only"?
94%
Which sign means "turn right ahead"?
92%
Which sign means "no overtaking"?
84%
Which sign means "double bend in the road"?
84%
Which sign means "national speed limit"?
77%
Which sign means "minimum speed limit 30mph"?
68%
Which sign means "no stopping"?
65%
Which sign means "side road"?
65%
Which sign means "mini-roundabout"?
53%
Which sign means "humps in the road"?
53%
No matching quizzes found
Score Distribution
Percent of People with Each Score
Percentile by Number Answered
Your Score History
You have not taken this quiz